• Bienes eclesiásticos

di Topical Term

Records bibliografici associati: 1

001 - CONTROL NUMBER

  • control field: 55617

003 - CONTROL NUMBER IDENTIFIER

  • control field: IT-RoINE

005 - DATE AND TIME OF LATEST TRANSACTION

  • control field: 20181219061505.0

008 - FIXED-LENGTH DATA ELEMENTS

  • fixed length control field: 181219|| aca||aabn | a|a d

040 ## - CATALOGING SOURCE

  • Original cataloging agency: IT-RoINE
  • Transcribing agency: IT-RoINE

150 ## - HEADING--TOPICAL TERM

  • Topical term or geographic name as entry element: Bienes eclesiásticos
  • General subdivision: Administración
  • Chronological subdivision: Siglos 19o.-20o.

670 ## - SOURCE DATA FOUND

  • Source citation: Work cat.: (IT-RoINE)0: Berry, Jason, 1949- 55616, La cassa del Vaticano :, 2012.